[Event "Asker Aautumn-B"]
[Site "Asker"]
[Date "2013.10.07"]
[Round "4"]
[White "Halvorsen, Terje"]
[Black "Holtermann, Eilert"]
[Result "1-0"]
[WhiteElo "883"]
[BlackElo "1297"]
[PlyCount "95"]
[EventDate "2013.09.16"]
[EventType "swiss"]
[EventRounds "9"]
[EventCountry "NOR"]
[SourceTitle "EXT 2024"]
[Source "ChessBase"]
[SourceDate "2023.10.10"]
[SourceVersion "1"]
[SourceVersionDate "2023.10.10"]
[SourceQuality "1"]

1. e4 c5 2. f4 Nc6 3. Nf3 e6 4. c3 Be7 5. Na3 a6 6. Nc4 b5 7. Nce5 Nxe5 8. Nxe5 Nf6 9. Qc2 Bb7 10. d3 d6 11. Nf3 Qc7 12. g3 Qc6 13. Bg2 Qc7 14. h3 c4 15. Nd2 cxd3 16. Qxd3 Rd8 17. Qe2 Qc6 18. 0-0 Qc5+ 19. Kh2 Qc6 20. Rf2 Qc7 21. Nb3 Ba8 22. Bd2 Qc4 23. Na5 Qxe2 24. Rxe2 d5 25. exd5 Nxd5 26. Nb3 0-0 27. Bf3 Nb6 28. Bxa8 Rxa8 29. Na5 Rac8 30. f5 Na4 31. Rb1 Bd8 32. Nb3 exf5 33. Nd4 Bf6 34. Nxf5 Nc5 35. Bf4 Ne6 36. Bd6 Rfe8 37. Ree1 g6 38. Nh6+ Kg7 39. Ng4 Nf8 40. h4 Rcd8 41. Bf4 Ne6 42. Bh6+ Kh8 43. Nxf6 Re7 44. b3 Rc8 45. Nd5 Rd7 46. Nb6 Rdc7 47. Nxc8 Rxc8 48. Rbd1 1-0

[Event "Asker Autumn-B"]
[Site "Asker"]
[Date "2012.11.26"]
[Round "8"]
[White "Holtermann, Eilert"]
[Black "Larsen, Odd Ingolf"]
[Result "1/2-1/2"]
[WhiteElo "1338"]
[BlackElo "1373"]
[PlyCount "84"]
[EventDate "2012.08.27"]
[EventType "swiss"]
[EventCountry "NOR"]
[SourceTitle "EXT 2024"]
[Source "ChessBase"]
[SourceDate "2023.10.10"]
[SourceVersion "1"]
[SourceVersionDate "2023.10.10"]
[SourceQuality "1"]

1. d4 d5 2. Nf3 Bg4 3. c3 Nf6 4. Ne5 Nbd7 5. Nxg4 Nxg4 6. e4 Ngf6 7. e5 Ng8 8. Bd3 e6 9. Bf4 c5 10. Bb5 a6 11. Bxd7+ Qxd7 12. 0-0 cxd4 13. cxd4 Ne7 14. Qd3 Ng6 15. Be3 Be7 16. Nd2 0-0 17. Nf3 h6 18. Rac1 Rfc8 19. Rxc8+ Rxc8 20. Rc1 Rxc1+ 21. Bxc1 Qc6 22. Qc3 Qc4 23. Qxc4 dxc4 24. g3 Nf8 25. Bd2 Nd7 26. b3 Nb6 27. Ba5 cxb3 28. axb3 Nd5 29. Kf1 b5 30. Bd2 Kf8 31. Ke2 Ke8 32. Ne1 Kd7 33. Nd3 Kc6 34. b4 f6 35. exf6 Bxf6 36. Ne5+ Kd6 37. f4 Ne7 38. Kd3 Kd5 39. g4 a5 40. Nd7 Nc6 41. Ne5 Ne7 42. Nd7 Nc6 1/2-1/2

[Event "Asker Autumn-B"]
[Site "Asker"]
[Date "2012.09.10"]
[Round "3"]
[White "Halvorsen, Terje"]
[Black "Holtermann, Eilert"]
[Result "0-1"]
[WhiteElo "908"]
[BlackElo "1338"]
[PlyCount "106"]
[EventDate "2012.08.27"]
[EventType "swiss"]
[EventCountry "NOR"]
[SourceTitle "EXT 2024"]
[Source "ChessBase"]
[SourceDate "2023.10.10"]
[SourceVersion "1"]
[SourceVersionDate "2023.10.10"]
[SourceQuality "1"]

1. e4 c5 2. c3 Nc6 3. Nf3 d6 4. d3 e6 5. g3 e5 6. Be3 Nf6 7. Nbd2 Be7 8. Bg2 Qc7 9. Qc2 Bd7 10. Nf1 b5 11. Bd2 Qb7 12. Ne3 Be6 13. Ng5 h6 14. Nxe6 fxe6 15. f4 Nd8 16. Qb3 Rb8 17. Kf2 c4 18. dxc4 bxc4 19. Qxb7 Rxb7 20. Rhb1 Rc7 21. fxe5 dxe5 22. h3 0-0 23. Kg1 Nb7 24. Rf1 Nd6 25. Ng4 Ndxe4 26. Bxe4 Nxe4 27. Rxf8+ Bxf8 28. Be3 Nxg3 29. Nxe5 Be7 30. Nf3 Nf5 31. Rd1 a6 32. h4 Rc6 33. Bd4 Nxd4 34. Nxd4 Bc5 35. Kg2 Rd6 36. b4 cxb3 37. axb3 e5 38. b4 Ba7 39. Rc1 exd4 40. cxd4 Bxd4 41. Rd1 Be5 42. Rc1 Rb6 43. Rc5 Bd6 44. Rc4 Bxb4 45. Rc8+ Kh7 46. h5 Rb5 47. Rc4 a5 48. Rh4 a4 49. Rh1 Be7 50. Kf3 Bf6 51. Rh2 a3 52. Ra2 Bb2 53. Kg4 Kg8 0-1

[Event "Asker CC-ch"]
[Site "Asker"]
[Date "2011.03.14"]
[Round "6"]
[White "Holtermann, Eilert"]
[Black "Yggeseth, Oistein"]
[Result "1-0"]
[WhiteElo "1367"]
[BlackElo "1142"]
[PlyCount "143"]
[EventDate "2011.01.17"]
[EventType "swiss"]
[EventRounds "9"]
[EventCountry "NOR"]
[SourceTitle "EXT 2024"]
[Source "ChessBase"]
[SourceDate "2023.10.10"]
[SourceVersion "1"]
[SourceVersionDate "2023.10.10"]
[SourceQuality "1"]

1. d4 e6 2. Bf4 Nf6 3. c3 c5 4. e3 d5 5. Nd2 c4 6. Be2 Bd6 7. Bxd6 Qxd6 8. Ngf3 0-0 9. Ne5 Nc6 10. Ndf3 Nd7 11. Nxc6 Qxc6 12. 0-0 b5 13. a3 f6 14. b3 a5 15. b4 a4 16. Qd2 Bb7 17. h3 Rae8 18. Nh2 f5 19. f4 Nf6 20. Bf3 Re7 21. Ra2 Qe8 22. Qe2 Qg6 23. Qf2 Ne4 24. Bxe4 fxe4 25. Ng4 Qf5 26. Ne5 Qh5 27. Kh2 Qe8 28. g4 Rf6 29. Qg3 Qf8 30. Raf2 Kh8 31. g5 Rf5 32. h4 g6 33. Ng4 Qg7 34. Nh6 Rf8 35. Ng4 Rf5 36. Kg2 Re8 37. Rh1 Qe7 38. Ne5 Rg8 39. Ng4 Rg7 40. Nh6 Rf8 41. h5 Qe8 42. hxg6 Qxg6 43. Ng4 Qf5 44. Rh6 Rg6 45. Rxg6 Qxg6 46. Ne5 Qf5 47. Qg4 Qxg4+ 48. Nxg4 Rf5 49. Nh6 Rf8 50. Kg3 Kg7 51. Ng4 Rf5 52. Ne5 Ba8 53. Rh2 Bb7 54. Rh6 Bc8 55. Nc6 Rf7 56. Ne5 Re7 57. Ng4 Rf7 58. Nf6 Kh8 59. Nh5 Bd7 60. Nf6 Bc8 61. Ne8 Re7 62. Nf6 Rf7 63. Kh4 Re7 64. g6 Kg7 65. gxh7 Kh8 66. Rg6 Rg7 67. Kh5 Rxh7+ 68. Nxh7 Kxh7 69. Kg5 Bd7 70. Kf6 Be8 71. Rg5 Kh6 72. Kxe6 1-0

[Event "Asker CC-ch B"]
[Site "Asker"]
[Date "2009.03.23"]
[Round "6"]
[White "Holtermann, Eilert"]
[Black "Yggeseth, Oistein"]
[Result "1-0"]
[WhiteElo "1435"]
[BlackElo "1173"]
[PlyCount "151"]
[EventDate "2009.01.19"]
[EventType "swiss"]
[EventRounds "9"]
[EventCountry "NOR"]
[SourceTitle "EXT 2024"]
[Source "ChessBase"]
[SourceDate "2023.10.10"]
[SourceVersion "1"]
[SourceVersionDate "2023.10.10"]
[SourceQuality "1"]

1. d4 e6 2. Nf3 Nf6 3. c3 c5 4. e3 d5 5. Bb5+ Bd7 6. Qb3 c4 7. Bxd7+ Qxd7 8. Qc2 Be7 9. Nbd2 0-0 10. e4 h6 11. e5 Nh7 12. 0-0 b5 13. a4 b4 14. cxb4 Bxb4 15. Nb1 Nc6 16. Nc3 a6 17. Bd2 Na5 18. Na2 Bxd2 19. Nxd2 Nc6 20. Nf3 Rab8 21. Rfd1 f6 22. exf6 Rxf6 23. Ne5 Nxe5 24. dxe5 Rf5 25. Re1 Ng5 26. Nc3 Nf7 27. Rad1 Rxe5 28. Ne2 Qb7 29. Rd2 Qb3 30. Kf1 Nd6 31. Nd4 Rxe1+ 32. Kxe1 Qxc2 33. Rxc2 Kf7 34. f3 Kf6 35. Re2 Re8 36. f4 e5 37. fxe5+ Rxe5 38. Nc6 Rxe2+ 39. Kxe2 Nb7 40. Nb4 Ke5 41. Nxa6 Na5 42. Kd2 d4 43. Nc5 Kd5 44. Na6 Nb3+ 45. Kd1 Ke4 46. Nb4 d3 47. Nc6 Nd4 48. Nxd4 Kxd4 49. Kd2 Kc5 50. Kc3 d2 51. Kxd2 Kb4 52. Kc2 Kxa4 53. Kc3 Kb5 54. h3 g6 55. Kd4 Kb4 56. g3 Kb3 57. g4 Kb4 58. h4 g5 59. hxg5 hxg5 60. Ke5 Kc5 61. Ke4 Kb4 62. Ke5 Kc5 63. Kf5 Kb4 64. Ke6 Kc5 65. Ke5 Kb4 66. Kd6 Kb5 67. Kd5 Kb4 68. Kc6 c3 69. bxc3+ Kxc3 70. Kd5 Kd3 71. Ke5 Kc4 72. Kf5 Kd5 73. Kxg5 Ke6 74. Kg6 Ke7 75. Kg7 Ke8 76. g5 1-0